Songs from the First Line(s) - 1987 - Statistics

General Stats
  • This quiz has been taken 124 times
  • The average score is 13 of 30
Answer Stats
Hint Answer % Correct
Songs Ooh, baby, do you know what that's worth? / Ooh heaven is a place on earth / They say in heaven love comes first Song Heaven Is A Place On Earth
89%
Songs Para bailar la bamba / Para bailar la bamba / Se necesita una poca de gracia / Una poca de gracia pa mi pa ti / Y arriba y arriba Song La Bamba
80%
Songs Ooh, baby, do you know what that's worth? / Ooh heaven is a place on earth / They say in heaven love comes first Artist(s) Belinda Carlisle
78%
Songs Last night I dreamt of San Pedro / Just like I'd never gone, I knew the song / A young girl with eyes like the desert Artist(s) Madonna
72%
Songs We're no strangers to love / You know the rules and so do I / A full commitment's what I'm thinking of / You wouldn't get this from any other guy Artist(s) Rick Astley
72%
Songs We're no strangers to love / You know the rules and so do I / A full commitment's what I'm thinking of / You wouldn't get this from any other guy Song Never Gonna Give You Up
69%
Songs Well, I guess it would be nice if I could touch your body / I know not everybody has got a body like you Artist(s) George Michael
61%
Songs Well, I guess it would be nice if I could touch your body / I know not everybody has got a body like you Song Faith
56%
Songs Children behave / That's what they say when we're together / And watch how you play / They don't understand Song I Think We're Alone Now
56%
Songs Last night I dreamt of San Pedro / Just like I'd never gone, I knew the song / A young girl with eyes like the desert Song La Isla Bonita
56%
Songs Children behave / That's what they say when we're together / And watch how you play / They don't understand Artist(s) Tiffany
56%
Songs See the stone set in your eyes / See the thorn twist in your side / I'll wait for you / Sleight of hand and twist of fate / On a bed of nails she makes me wait Artist(s) U2
54%
Songs Clock strikes upon the hour / And the sun begins to fade / Still enough time to figure out / How to chase my blues away Artist(s) Whitney Houston
54%
Songs Para bailar la bamba / Para bailar la bamba / Se necesita una poca de gracia / Una poca de gracia pa mi pa ti / Y arriba y arriba Artist(s) Los Lobos
52%
Songs See the stone set in your eyes / See the thorn twist in your side / I'll wait for you / Sleight of hand and twist of fate / On a bed of nails she makes me wait Song With Or Without You
51%
Songs Clock strikes upon the hour / And the sun begins to fade / Still enough time to figure out / How to chase my blues away Song I Wanna Dance With Somebody
50%
Songs Your butt is mine / Gonna tell you right / Just show your face / In broad daylight / I'm telling you / On how I feel / Gonna hurt your mind Artist(s) Michael Jackson
42%
Songs Your butt is mine / Gonna tell you right / Just show your face / In broad daylight / I'm telling you / On how I feel / Gonna hurt your mind Song Bad
33%
Songs It's all the same, only the names will change / Every day it seems we're wasting away / Another place where the faces are so cold Artist(s) Bon Jovi
30%
Songs It's all the same, only the names will change / Every day it seems we're wasting away / Another place where the faces are so cold Song Wanted Dead Or Alive
26%
Songs It was a theme she had / On a scheme he had / Told in a foreign land / To take life on earth / To the second birth Song China In Your Hand
22%
Songs It was a theme she had / On a scheme he had / Told in a foreign land / To take life on earth / To the second birth Artist(s) T'Pau
22%
Songs Lookin' in your eyes / I see a paradise / This world that I found / Is too good to be true / Standin' here beside you Artist(s) Starship
14%
Songs Girl you are to me / All that a woman should be / And I dedicate my life / To you always / A love like yours is rare Song Always
13%
Songs Lookin' in your eyes / I see a paradise / This world that I found / Is too good to be true / Standin' here beside you Song Nothing's Gonna Stop Us Now
11%
Songs So much for your promises / They died the day you let me go / Caught up in a web of lies / But it was just too late to know Artist(s) Johnny Hates Jazz
10%
Songs Girl you are to me / All that a woman should be / And I dedicate my life / To you always / A love like yours is rare Artist(s) Atlantic Starr
9%
Songs So much for your promises / They died the day you let me go / Caught up in a web of lies / But it was just too late to know Song Shattered Dreams
9%
Songs I couldn't figure why you couldn't give me what everybody needs / I shouldn't let you kick me when I'm down, my baby Artist(s) Bee Gees
2%
Songs I couldn't figure why you couldn't give me what everybody needs / I shouldn't let you kick me when I'm down, my baby Song You Win Again
2%
No matching quizzes found
Score Distribution
Percent of People with Each Score
Percentile by Number Answered
Your Score History
You have not taken this quiz